[Event "Ubeda op 5th"]
[Site "Ubeda"]
[Date "2000.01.21"]
[Round "3"]
[White "Lobzhanidze, Davit"]
[Black "Grischuk, Alexander"]
[Result "1/2-1/2"]
[WhiteElo "2448"]
[BlackElo "2449"]
[Annotator "Lukacs,P"]
[PlyCount "49"]
[EventDate "2000.01.19"]
[EventType "swiss"]
[EventRounds "10"]
[EventCountry "ESP"]
[SourceTitle "CBM 075"]
[Source "ChessBase"]
[SourceDate "2000.04.05"]
[SourceVersion "1"]
[SourceVersionDate "2000.04.05"]
[SourceQuality "1"]

1. e4 e5 2. Bc4 Nf6 3. d3 Nc6 4. Nf3 Bc5 5. O-O d6 6. c3 O-O 7. Bb3 a6 8. h3
Ba7 9. Re1 Ne7 {Black wants to regroup his N, which has a strong pressure on
the dark squares from g6.} 10. Nbd2 Ng6 11. Nf1 b5 {/\ Bb7 and later on d6-d5.}
(11... h6 {V.Ivanov-Notkin, RUS-Cup02 Moscow 1998 CBM63}) (11... Nh5 {Magem
Badals-Alesandrov,Elista ol 1998 CBM 66}) 12. Ng3 (12. d4 Bb7 13. Ng3 exd4 14.
cxd4 c5 {This is the right way to attack the [+].} (14... d5 $6 15. e5 {
This Ruy Lopez Open P structure is good for White, because Black's bishops are
out of play.} (15. Bg5 $5) 15... Ne4 16. Bc2 {Now Black has to give up his
strong centralized N.} Nxg3 17. fxg3 c5 18. e6 {It's time for an assault!} Qd6
(18... fxe6 19. Ng5 Qf6 20. Kh2 $16 {/\ Qh5}) 19. Ng5 Qxg3 20. exf7+ Rxf7 21.
Bxg6 hxg6 22. Nxf7 Kxf7 23. Bf4 $1 Qxf4 24. Rf1 Qf6 25. Qg4 Bc8 26. Rxf6+ gxf6
27. Qh4 $18 {Jaracz-Ibragimov, Biel op 1996}) 15. dxc5 (15. d5 Re8 $13) 15...
Bxc5 $11 {and both black bishops are active again.}) 12... Bb7 {This move
leaves >< f5 unattended, but White cannot successfully attack only with pieces.
} 13. Nh2 (13. Nf5 Re8 14. Ng5 {This looks aggressive, but} d5 $1 {and the
counterattack comes from the [+].} 15. exd5 Bxd5 16. Bxd5 Qxd5 17. Ne4 Nxe4 18.
dxe4 Qxd1 19. Rxd1 Rad8 $11) 13... d5 $1 {If the N leaves the [+], the
counterattack will come immediately.} 14. Ng4 (14. Bg5 $5 h6 15. Bxf6 Qxf6 16.
Ng4 Qg5 $5 (16... Qh4 17. Nf5 Qg5 18. Qf3 d4 $13) 17. exd5 (17. Bxd5 $6 {
gives Black free hand on the >>.} Bxd5 18. exd5 f5 19. Ne3 f4 20. Ne4 fxe3 $1
21. Nxg5 exf2+ 22. Kh1 fxe1=Q+ 23. Qxe1 hxg5 $13) 17... f5 18. Ne3 Kh8 (18...
f4 $2 {now is met by the intermediate move} 19. Ne4 fxe3 20. d6+ $1 {and
Black's K is also in danger!} Kh8 21. Nxg5 exf2+ 22. Kf1 fxe1=Q+ 23. Kxe1 $16)
19. Kh1 Rad8 $44) 14... Nxg4 (14... dxe4 15. dxe4 (15. Bg5 Qxd3 $1) 15... Nxg4
$11 ({but not} 15... Qxd1 $2 {because of the zwischenzug} 16. Nxf6+ $1 gxf6 17.
Rxd1 $14 {corrupting Black's P structure.})) 15. Qxg4 (15. hxg4 d4 $5 (15...
dxe4 16. dxe4 (16. Nxe4 Bd5 $11) 16... Bb6 $11 (16... Qxd1 17. Rxd1 Rfd8 (17...
Nf4 $6 18. Be3 $1 {Development first!} (18. Rd7 {is premature in view of} Bc8
19. Rxc7 Nd3) 18... Bxe3 19. fxe3 $1 {Time is of great importance.} Ne6 20. Rd7
({The penetration on the seventh rank} 20. Bxe6 fxe6 21. Rd7 {is parried by}
Rf7) 20... Nc5 (20... Rac8 21. Rf1 $1 {with nasty threats on the a2-g8 /^.})
21. Rxc7 Rac8 22. Re7 $16) 18. Bg5 Rxd1+ 19. Rxd1 Nf8 $14)) 16. Nf5 c5 17. Qf3
(17. cxd4 exd4 $13) 17... dxc3 18. bxc3 Rc8 {/\ c4} 19. Bd5 Rc7 20. Rb1 Rd7 $13
) 15... c5 $2 {Now White gets control over the light squares.} (15... Bc8 16.
Nf5 c6 $13) 16. Bxd5 $1 (16. Bg5 f6 17. Be3 {is met by the central push} c4)
16... Bxd5 17. exd5 Qxd5 18. Nf5 $1 $16 (18. Rd1 {allows the freeing move} f5
$1 19. Nxf5 Qf7 {opening up the f <->.} 20. Nd6 Qxf2+ 21. Kh1 Rad8 (21... Nf4
22. Bxf4) 22. Ne4 {The N is excellent on e4.} Qc2 $5 23. Rd2 Qa4 24. b3 Rf1+
25. Kh2 Qa5 26. Bb2 $14) 18... c4 $2 {[#]} (18... Qxd3 $2 19. h4 $1 {/\ h5 ><
g7.} (19. Rxe5 {is not so impressive because of} Rfe8 20. Bf4 c4 $132) 19...
Qc4 20. Re4 $1 h5 $1 {otherwise h4-h5 comes.} 21. Rxc4 hxg4 22. Rxg4 $16 {
/\ h5 again.}) (18... Kh8 {was the cold-blooded defence, although White's
chances are still preferable.} 19. h4 $1 c4 20. h5 cxd3 (20... Rae8 21. dxc4
bxc4 22. Be3 $18 {and the N will fall.}) 21. Bg5 (21. hxg6 $2 {is premature
because of the zwischenzug} Bxf2+ $1 22. Kxf2 fxg6) 21... Qe6 (21... d2 22.
Red1) 22. Re4 Rae8 23. Bh4 Rg8 24. hxg6 fxg6 25. Ne3 Bxe3 26. fxe3 Qxg4 27.
Rxg4) 19. Be3 $2 ({missing the crushing} 19. Bh6 $1 Qxd3 (19... gxh6 $4 20.
Ne7+ $18) (19... Rfe8 20. Nxg7 $18) 20. Bxg7 ({and not} 20. Nxg7 $2 f5 $1 21.
Qh5 f4) 20... Rfe8 21. Bxe5 $18) 19... Bxe3 (19... Qxd3 {is again met by the
strong} 20. h4 $1 Bxe3 21. Rxe3 Qd2 22. h5 Qxb2 23. Rae1 $40) 20. Nxe3 $2 {
The N leaves his excellent post.} (20. Rxe3 $1 {was the logical continuation
of the ->.} Rad8 (20... cxd3 $4 21. Qxg6 $18) (20... Qe6 21. d4 Qf6 22. Rae1 $1
(22. dxe5 Nxe5 23. Qxg7+ Qxg7 24. Nxg7 Nd3 $1 25. Nf5 Nxb2 $11) 22... exd4 23.
cxd4 Rad8 24. Rf3 Qb6 25. h4 $16) 21. h4 cxd3 22. h5 d2 23. Rd1 Qxa2 24. hxg6
$18) 20... Qxd3 21. Rad1 f5 $1 {This zwischenzug saves the day.} 22. Qg5 Qe4
23. Nd5 Qh4 $2 {This is a serious error again.} (23... Qc2 $1 24. Rd2 h6 $1 {
Zwischenzug forever.} (24... Qa4 $2 25. Nb6 $16) 25. Qxh6 (25. Qe3 Qe4) 25...
gxh6 26. Rxc2 Rad8 $11) 24. Qxh4 ({missing the trivial} 24. Ne7+ $1 Kf7 25.
Qxf5+ Qf6 (25... Kxe7 $2 26. Rd7+ Ke8 27. Rxe5+ $1 Nxe5 28. Qe6+ $18) 26. Rd6
$1 (26. Qxf6+ gxf6 27. Nf5 Rfd8 $11) 26... Qxf5 27. Nxf5 $16) 24... Nxh4 25.
Rxe5 1/2-1/2

[Event "Buenos Aires zt 2.5"]
[Site "Buenos Aires"]
[Date "2000.??.??"]
[Round "4"]
[White "Rodriguez Vila, Andres"]
[Black "Sorin, Ariel"]
[Result "0-1"]
[WhiteElo "2493"]
[BlackElo "2488"]
[Annotator "Lukacs,P"]
[PlyCount "74"]
[EventDate "2000.07.26"]
[EventType "swiss"]
[EventRounds "9"]
[EventCountry "ARG"]
[SourceTitle "CBM 079"]
[Source "ChessBase"]
[SourceDate "2000.11.21"]
[SourceVersion "1"]
[SourceVersionDate "2000.11.21"]
[SourceQuality "1"]

1. e4 e5 2. Nf3 Nc6 3. Bc4 Bc5 4. c3 Nf6 5. d3 a6 6. O-O d6 7. Bb3 Ba7 8. Nbd2
O-O 9. Re1 Be6 {This is the quiet equalizing line exchanging the pieces and
solving the tension.} (9... Ng4 $5 10. Re2 Kh8 11. h3 Nh6 {/\ f5 is a more
aggressive approach in order to disturb the balance.}) 10. Nf1 Qd7 $6 {The Q
is usually not well-posted here, she belongs to the dark squares.} (10... Bxb3
{is the consequent try making life easier by exchanges.} 11. Qxb3 Qd7 $5 {
looks a bit more active.} (11... Qc8 12. Ng3 (12. Be3 {If both bishops will
disappear, the chances for a draw are much higher.} Bxe3 13. Nxe3 Ne7 {The N
on c6 is usually badly placed.} 14. Rad1 {/\ d4} b6 15. d4 exd4 16. Rxd4 Nc6
17. Rdd1 Re8 (17... Nxe4 $4 18. Qd5 $18) 18. Nd5 Nxd5 19. Qxd5 Ne7 20. Qd3 Ng6
$11 {and Black has evened out completely, Magem Badals-Morovic Fernandez,
ESP-chT 1990.}) 12... Re8 13. h3 Rb8 {freeing the Q from the defence of >< b7.}
14. Be3 Qe6 {Mass exchanges are on the horizont.} 15. Qxe6 fxe6 16. Rac1 Bxe3
17. Rxe3 Rbd8 18. d4 Rd7 $11 {Karpov-Korchnoi, World Championship 30th 1981})
12. Be3 (12. Qxb7 $4 {loses to} Rfb8) 12... Bxe3 13. Nxe3 (13. Rxe3 {The R is
not particularly good here.} Rfe8 14. Rae1 Nh5 15. d4 Nf4 $11 {with play on
the dark squares, Sharif-Haik, New York op 1984.})) (10... h6 {is the other
typical defensive move here.} 11. Ng3 d5 (11... Bxb3 {is worthy of attention
again.} 12. Qxb3 Qd7 13. Be3 {The B has no other reasonable square.} Bxe3 14.
Rxe3 Ne7 {/\ Ng6 fighting for the dark squares on the >>.} 15. d4 Ng6 16. Rd1
Qb5 17. Qc2 Qc4 18. b3 Qe6 19. Nf5 Rfe8 $11 {Chiburdanidze-Zsu.Polgar,
Thessaloniki ol (Women) 1988}) 12. exd5 Nxd5 13. Nxe5 Nxe5 14. Rxe5 Bxf2+ $1 {
This is the point!} 15. Kh1 Bxg3 16. hxg3 Nf6 17. Bxe6 fxe6 18. d4 (18. Rxe6
Qd5 $1) 18... Qe8 $11 {with weak pawns on both side, Dreev-Kaidanov, URS-ch
U26 Lvov 1985.}) (10... d5 $6 {is clearly premature:} 11. exd5 Nxd5 12. Ng5 $1
({or} 12. Qe2 f6 13. d4 {using the pin on the e <->.}) 12... Qf6 {Black cannot
rescue his nice light-squared B.} 13. Qf3 Rad8 (13... Qxf3 14. Nxf3 f6 15. d4
$14) 14. Qxf6 gxf6 {(Belkhodja-Borm, OHRA-B Amsterdam 1985)} 15. Nxe6 fxe6 16.
Bh6 Rf7 17. Ng3 Na5 18. Bc2 Nc6 19. Rad1 $14 {^^}) 11. Bc2 $1 {If White wants
to create more complications, he has to avoid the exchange of the B.} (11. Be3
{leads to unnecessary simplifications.} Bxe3 12. Nxe3 Rae8 13. Bc2 (13. Ba4 {
provoking} b5 {and only after} 14. Bc2 {is answered by the same} d5 $11) 13...
d5 {Now Black grabs the |^ in the [+].} 14. exd5 Nxd5 15. d4 exd4 16. Nxd5 Bxd5
17. Rxe8 Rxe8 18. Nxd4 Nxd4 19. Qxd4 Qe6 $15 {<-> e, Nunn-Korchnoi,
Johannesburg 1981}) (11. Bg5 {wants to drive the N to a worse square.} Nh5 12.
Be3 Bxe3 13. Nxe3 Nf6 {and even so, the position is still balanced.} 14. Bc2
Ng4 15. d4 Nxe3 16. Rxe3 Bg4 17. h3 Bxf3 18. Rxf3 Qe7 $11 {controlling the
stronghold on e5, Nunn-Smejkal, Luzern ol (Men) 1982.}) 11... h6 (11... Ng4 $5
{is a similar idea to the 9...Ng4 variation followed by f5.} 12. d4 (12. Ne3 f5
) (12. Be3 f5) 12... exd4 13. Nxd4 $1 (13. cxd4 d5 14. e5 f6 {blowing up the 
[+] immediately.}) 13... Nxd4 14. cxd4 f5 $1 (14... d5 $6 {now is inferior to}
15. h3 Nf6 16. e5 $16) 15. h3 Nf6 16. e5 dxe5 17. dxe5 Qxd1 18. Rxd1 (18. Bxd1
Ne4 19. Be3 Bxe3 20. Nxe3 Rad8 $11 {with an active piece play.}) 18... Ne4 19.
Be3 Bxe3 20. Nxe3 Rad8 $11 {and the o^ e5 is well-blockaded.}) 12. h3 {This is
a bit caoutious.} (12. d4 $142 exd4 (12... Bg4 {allows White to gain space in
the [+].} 13. d5 Ne7 14. h3 Bh5 15. Ng3 $14) 13. Nxd4 (13. cxd4 $6 Bg4 {>< d4})
13... Nxd4 14. cxd4 c6 {Now White has to keep his strong [+].} (14... d5 $6 {
gives White a strong central P formation with chances for a quick >> ->.} 15.
e5 Ne4 16. f3 Ng5 17. Bxg5 hxg5 18. Qd3 g6 19. Qd2 $16) 15. Qd3 {hindering ...
d5.} (15. Ne3 {allows} d5 16. e5 Ne4 {and the N on e3 disturbs the harmony of
the white pieces.} 17. f3 Ng5 18. Qd3 (18. h4 Nh7 19. Qd3 f5 $13) (18. Rf1 c5
$13) (18. f4 Ne4 19. Rf1 c5 $1 $13 {attacking the [+] and opening up the /^
for the B.}) 18... f5 19. exf6 Rxf6 20. h4 Nf7 21. Bd2 (21. Qh7+ $6 Kf8 $15 {
and there are no real threats against the black K.}) 21... Qd6 22. Re2 Rf4 $13)
15... Rfe8 16. Ng3 {This is the right place for the N.} Rad8 17. Be3 $1 $14 {
holding White's mighty P [+].} (17. f4 $6 {opens up a too wide battlefront.} d5
$1 18. e5 (18. f5 $4 dxe4 19. fxe6 exd3 $19) 18... Ne4 $1 19. Be3 (19. Nxe4
dxe4 20. Qxe4 Qxd4+ $15) 19... g6 $15) (17. h3 d5 $1 {- 12.h3 Rfe8 13.d4 exd4
14.Nxd4})) 12... Rfe8 13. d4 $5 (13. Be3 {leads to equality, as usual after}
Bxe3 14. Nxe3 d5 15. exd5 Nxd5 $11) 13... exd4 $1 14. cxd4 $6 {This allows
Black's counterattack in the [+].} (14. Nxd4 {was more to the point answering
the N jump on e4 by f3.} Nxd4 (14... d5 15. e5 Nxd4 (15... Ne4 16. f3 $16 {
This is the big difference!}) 16. cxd4 (16. exf6 $2 Nxc2 17. Qxc2 Bf5) 16...
Nh7 (16... Ne4 {is again met by} 17. f3 $16) 17. Ng3 (17. f4 Bf5) 17... f5 (
17... Nf8 18. f4 $16) 18. Qd3 (18. Nh5 c5 19. dxc5 Bxc5 20. Nf4 $14) 18... Rf8
19. Be3 $14) 15. cxd4 c6 (15... d5 $2 16. e5 Ne4 17. f3 $16) 16. Qd3 Rad8 17.
Ng3 d5 $1 {Now it's time for the counterstrike.} 18. e5 Ne4 19. Nxe4 dxe4 20.
Qxe4 f5 $1 21. Qf3 (21. exf6 $2 Bf5 $17) 21... Bxd4 22. Qg3 Kh8 $13) 14... d5
$1 {Now the N will feel himself on e4 very comfortably.} 15. e5 Ne4 16. Be3 $1
(16. Bxe4 $6 {is out of question.} dxe4 17. Rxe4 Bd5 18. Re1 Bxf3 19. Qxf3 Nxd4
20. Qe4 Nc6 21. Bf4 Rad8 $15) (16. a3 {is too slow.} Bf5 17. Ne3 Bg6 18. Bb3
Ne7 $15) 16... Nb4 $1 17. Bb1 (17. Bb3 $6 c5 18. a3 Nc6 19. dxc5 Nxc5 $15)
17... c5 $2 {Surprisingly enough this logical attacking move is a mistake.} (
17... Bf5 {activating the passive B was the right plan.} 18. a3 Nc6 19. Bc2
Rad8 $11) 18. dxc5 Bxc5 19. Bxc5 (19. Bxe4 {wins the P, but loses the |^
forever:} Bxe3 20. Rxe3 dxe4 21. Qxd7 Bxd7 22. Rxe4 a5 23. Re2 Bc6 24. Nd4 Bd5
$44) 19... Nxc5 20. Ng3 $5 (20. a3 Nc6 21. b4 (21. Ng3) 21... Ne4 22. Bxe4 dxe4
23. Qxd7 Bxd7 24. Rxe4 Bf5 25. Re3 Rad8 26. Ng3 Bc2 27. Rae1 $14 {is a better
version of winning the P.}) 20... Qa4 $2 {Black forgets about his >>, there
are already too many pieces crowded on the <<.} (20... Qb5 $6 {gives a lot of
tempi for White.} 21. Nd4 Qc4 22. b3 Qc3 23. Re3 Qb2 24. a3 $16) (20... Rad8 $1
{was the logical continuation bringing the last missing piece into action.} 21.
Qd2 (21. Nd4 Ne4 $1) 21... a5 (21... Nc6 22. Qc2) 22. Nd4 (22. a3 Nb3) 22...
Ne4 $1 $132) 21. Qd2 (21. b3 Qa3 22. Nf5 Bxf5 23. Bxf5 Nc6 24. Nd4 Nxd4 25.
Qxd4 Rad8 26. Rec1 Ne6 27. Bxe6 Rxe6 28. Rc7 Re7 $11) 21... Rad8 (21... Nc6 22.
Nh5) 22. Nh5 $1 {White is building up his -> on the >> step by step.} (22. Nd4
Bd7) 22... Ne4 (22... Nc6 {founders on the typical blow} 23. Nf6+ $1 gxf6 24.
exf6 $18) 23. Qf4 $1 (23. Qd4 Qb5 24. a4 Qa5) 23... g5 {This is a desperate
attempt to change the course of the game.} (23... Nc2 $2 24. b3 Qc6 25. Rc1
Nxa1 26. Rxc6 bxc6 27. Bxe4 dxe4 28. Qg3 $18) 24. Nf6+ ({The simple} 24. Qe3 {
was also very tempting, for example:} Nc2 25. Bxc2 Qxc2 26. Nd4 Qc7 27. f3 Qxe5
28. fxe4 dxe4 29. Rad1 $18) 24... Kf8 (24... Nxf6 25. Qxf6 $18) 25. Qe3 Nxf6
26. exf6 Bc8 (26... d4 $2 27. Nxd4 Bxa2 28. Qe7+ $3 Kg8 29. Nf5 Rxe7 30. Nxh6+
$18) (26... Bd7 27. Qc5+ Kg8 28. Rxe8+ Rxe8 29. a3 Nc6 30. Qxd5 $18) 27. Qc5+
Kg8 28. Re7 $5 (28. Rxe8+ Rxe8 29. a3 Nc6 30. Qxd5 $16) 28... Nc6 {[#]} 29.
Nxg5 $2 {[%mdl 8192]} (29. Rxe8+ Rxe8 30. Qxd5 $16 {was still very good for
White.}) 29... Nxe7 $1 ({On} 29... hxg5 $2 {White's idea becomes dangerous:}
30. Qe3 Kf8 (30... Nxe7 $2 31. Qxg5+ Ng6 32. Bxg6 $18) 31. Rxe8+ Rxe8 32. Qxg5
Re1+ 33. Kh2 Re5 (33... Re6 34. Bf5 $18) 34. Qg7+ Ke8 35. Qg8+ Kd7 36. Qxf7+
Kd8 37. Qf8+ Kc7 38. b4 $1 $16) 30. Bh7+ Kf8 (30... Kh8 $2 {runs into} 31. fxe7
$1 hxg5 (31... Rd7 32. Qc3+ d4 33. Qf3 $18) 32. exd8=Q Rxd8 33. Qb6 Qe8 34. Qh6
Qf8 35. Qh5 Kg7 36. Bc2 $16) 31. Re1 $2 {White is pushing really too hard, and
now his position is lost.} (31. fxe7+ {was good enough for a normal position
after} Rxe7 32. Qb6 Qc6 33. Qxd8+ Re8 34. Qa5 hxg5 35. Bd3 $11) 31... Qd7 $19 {
and White's -> is repelled!} (31... Rd7 $2 32. Qe3 $1 Qh4 33. Qe5 $18) 32. Bf5
(32. fxe7+ Rxe7 33. Bf5 Qd6) 32... Qd6 33. Nh7+ Kg8 34. Qxd6 Rxd6 35. Bxc8 Rxc8
36. fxe7 Re8 37. Ng5 hxg5 0-1

[Event "Corus"]
[Site "Wijk aan Zee"]
[Date "2000.01.25"]
[Round "9"]
[White "Adams, Michael"]
[Black "Anand, Viswanathan"]
[Result "1/2-1/2"]
[WhiteElo "2715"]
[BlackElo "2769"]
[Annotator "Lukacs,P"]
[PlyCount "67"]
[EventDate "2000.01.15"]
[EventType "tourn"]
[EventRounds "13"]
[EventCountry "NED"]
[EventCategory "18"]
[SourceTitle "CBM 075"]
[Source "ChessBase"]
[SourceDate "2000.04.05"]
[SourceVersion "1"]
[SourceVersionDate "2000.04.05"]
[SourceQuality "1"]

1. e4 e5 2. Bc4 Nf6 3. d3 Nc6 4. Nf3 Bc5 5. c3 a6 6. Bb3 d6 7. Nbd2 O-O 8. h3
Be6 9. O-O Ba7 10. Re1 h6 11. Nf1 Re8 12. Be3 Bxe3 (12... d5 {Yudasin-Adams,
EU Cup final 14th Belgrade 1999 CBM 69}) (12... Bxb3 {Kaidanov-Malaniuk, WchT
4th Luzern 1997 CBM 62}) 13. Nxe3 d5 14. exd5 Nxd5 15. Nxd5 (15. Nc4 Nf4 $1 {
The counterattack is the best defence!} ({Passive defence gives time for White
to seize the |^ in the [+].} 15... f6 16. d4 $1 exd4 17. Nxd4 Nxd4 18. Qxd4 Bf7
19. Rxe8+ Qxe8 20. Nd6 $1 cxd6 21. Bxd5 $16 {and Black's weaknesses in his P
structure begin to tell, Ostojic-Wellendorf, Baden-Baden op 1990.}) 16. Ncxe5 (
16. Bc2 {looks rather passive.} Qf6 17. Kh2 (17. Nfxe5 $2 Nxe5 18. Nxe5 {
is strongly met by the crushing} Bxh3 $1 $19) 17... Bf5 $36) 16... Nxe5 17.
Rxe5 ({and not} 17. Nxe5 $2 Qg5 18. Ng4 Bxb3 19. axb3 h5 $17) 17... Nxd3 18.
Re3 Bxb3 19. Rxe8+ Qxe8 20. Qxd3 $11) (15. d4 Nxe3 (15... e4 $6 {is not a
successful change of the P structure for Black.} 16. Bxd5 Bxd5 17. Nd2 $16) 16.
Rxe3 exd4 $1 (16... Bxb3 {is also enough for equality, but here Black has to
defend himself more carefully.} 17. Qxb3 exd4 18. Rxe8+ Qxe8 19. Qxb7 $1 dxc3 (
19... Ra7 20. Qb3 $14) 20. bxc3 Ra7 21. Qb3 Ra8 (21... Na5 22. Qd5 Qb5 23. Qd8+
Kh7 24. Re1 $14) 22. Re1 Qd7 $11) 17. cxd4 Bxb3 18. Rxe8+ Qxe8 19. Qxb3 Rb8 $11
{and Black has everything in order.}) 15... Bxd5 16. d4 e4 $6 {This idea is
dubious again, but Black wanted more than just a simple equalization.} (16...
Bxb3 $142 17. Qxb3 exd4 18. Rxe8+ Qxe8 {- 15.d4 Bb3 16.Qb3 exd4}) 17. Nd2 (17.
c4 $6 {is not a good intermediate move.} Bxc4 $1 18. Bxc4 exf3 19. Qxf3 Qd7)
17... f5 (17... Qg5 18. Re3 $1 $16 {parrying the threats again >< g2.}) 18. f3
$1 {White wants to blow up Black's strong central P formation.} (18. Qh5 $5 {
was rather complicated.} Bxb3 $1 {This is the simplest solution.} ({On} 18...
Qd7 19. g4 $5 {blowing up Black's P chain was exciting, for example:} Bxb3 (
19... Rf8 $2 20. Bxd5+ Qxd5 21. Nxe4 $18) 20. Nxb3 $1 (20. axb3 Rf8 21. gxf5
Rxf5 22. Qh4 Raf8 23. Nxe4 Qd5 $44) 20... Ne7 (20... f4 $2 21. Nc5 $18) 21. Nc5
Qd5 22. gxf5 Nxf5 23. c4 $1 (23. Nxb7 Qxb7 24. Qxf5 Qxb2 $13) 23... Qf7 24.
Qxf7+ Kxf7 25. d5 $14 {with better prospects for White in the _|_.}) 19. axb3 (
19. Nxb3 Ne7 $11) 19... Qd7 20. b4 Qe6 $1 $11 {against Nb3} (20... Rad8 21. Nb3
$14)) 18... e3 (18... Kh8 $2 19. Bxd5 Qxd5 20. fxe4 fxe4 21. Re3 $16 {and the
weakness on e4 is not easy to defend.}) 19. f4 $1 {Now the weak e3 P will fall.
} Na5 $1 {Black has to find some counterplay.} (19... Kh8 20. Nf1 Bxb3 21. axb3
Qh4 22. Qf3 Re4 23. Rxe3 Rxf4 24. Qg3 $16 {controlling the vital <-> e.}) (
19... exd2 $2 {loses outright.} 20. Rxe8+ Qxe8 21. Bxd5+ Kh8 22. Qxd2 $18) 20.
Bxd5+ $1 (20. Nf1 {allows Black} Nxb3 21. axb3 Qh4 (21... e2 22. Rxe2 Rxe2 23.
Qxe2 Bxb3 24. Ne3 $14) 22. Nxe3 Be4 23. Rf1 Re6 $44 {with some similarities to
the Ruy Lopez Marshall Variation.}) 20... Qxd5 21. Nf1 Qb5 $1 (21... Re4 22.
Nxe3 Qe6 23. Nf1 Nc4 24. b3 Nd6 25. Ng3 $16 {and Black has nothing to show for
the lost material.}) (21... Qe4 22. Qa4 $1 Nc6 (22... e2 23. Qxa5 $16) 23. Rxe3
Qxf4 24. Rf3 $16) 22. Nxe3 (22. Qe2 $5 {deserved serious attention.} Re4 (22...
Nc4 23. b3 Nd6 24. Qxb5 Nxb5 25. Rac1 $1 {The weak e P will fall anyway.} (25.
Rxe3 Rxe3 26. Nxe3 Nxc3 $11) (25. Nxe3 Nxc3 26. Rac1 Nxa2 27. Rxc7 Nb4 $11)
25... e2 26. Ng3 Re3 27. Nxe2 Rae8 28. Kf2 $16 {and the pin is not dangerous.})
(22... Qxe2 23. Rxe2 Re4 24. Rxe3 $16) 23. Qxb5 axb5 24. Rxe3 Rxf4 (24... Nb3
25. Rxe4 fxe4 26. Rb1 Rxa2 27. Kf2 $16 {>< e4}) 25. Nd2 $14) 22... Re4 (22...
Qxb2 $2 {gives White good attacking chances as well.} 23. Nxf5 Rxe1+ (23...
Qxc3 24. Rxe8+ Rxe8 25. Rc1 Qb4 26. Qg4) 24. Qxe1 $16) 23. Qd2 (23. Qe2 $2 {
falls into the pin after} Qxe2 24. Rxe2 Rae8 25. Rae1 g5 $1) 23... Rae8 24. b3
(24. b4 $5 Nc4 (24... Nc6 $2 25. a4 $18) 25. Nxc4 Qxc4 26. Kf2 $14 {and White
has an extra P, although the black heavy artillery is rather active.}) 24... b6
25. c4 (25. Nf1 $1 Re2 26. a4 $1 $16) 25... Qd7 26. Nc2 $14 (26. Nd5 Nc6 {>< d4
}) 26... Nb7 27. Rxe4 (27. d5 $5) 27... Rxe4 28. Re1 (28. d5 b5) 28... Nd6 29.
Rxe4 (29. d5 b5 30. Rxe4 Nxe4 31. Qd4) (29. Nb4 $5) 29... Nxe4 30. Qe3 {
White is a healthy P up!} b5 31. Nb4 a5 32. Nd5 (32. Nd3 bxc4 33. Ne5 Qb5 34.
Nxc4) 32... b4 33. Kh2 Qd8 34. Qd3 {Was it a time trouble?} (34. Qd3 Qd6 35. g3
g6 36. Kg2 Kf7 37. Kf3 c6 38. Ne3 $14) 1/2-1/2